000 00530nam a22001697a 4500
005 2012051104564.0
020 _a9780143415633
_c250.00
037 _adpl
_bK.K.Pub /Ven
082 _a881
100 _aTagore, Rabindernath.
_950045
245 _aThe jewel that is best ;
_bcollected brief poems /
_cby Rabindernath Tagore
260 _aNew Delhi
_bPenguin Books
_c2011
270 _a11 community centre panchsheel park
_bNew Delhi
_e110017
300 _axi, 199p
_c19cm
942 _2ddc
_cEN
_h881
_mTAG
999 _c66481
_d66481